Špecifiká a efekty v cestovnom ruchu Cestovné kancelárie, informačné zdroje, služby

Salvato in:
Dettagli Bibliografici
Altri autori: Ondriš, Ladislav
Natura: Libro
Lingua:slovacco
Pubblicazione: Bratislava Sprint 1996
Soggetti:
Tags: Aggiungi Tag
Nessun Tag, puoi essere il primo ad aggiungerne!!

MARC

LEADER 00000nam a2200000 4500
001 c015486
005 20251009091314.5
020 |a 80-767122-8-4 
041 0 |a slo 
044 |a SK 
245 1 0 |a Špecifiká a efekty v cestovnom ruchu  |b Cestovné kancelárie, informačné zdroje, služby  |c Hl. zost. Ladislav Ondriš 
264 1 |a Bratislava  |b Sprint  |c 1996 
300 |a 271 s. 
610 2 0 |a ruch cestovný 
610 2 0 |a kancelárie cestovné 
610 2 0 |a zdroje informácií 
610 2 0 |a služby 
610 2 0 |a ubytovanie 
610 2 0 |a doprava 
610 2 0 |a styk platobný medzinárodný 
610 2 0 |a prostriedky platobné 
610 2 0 |a clá 
610 2 0 |a poistenie 
610 2 0 |a informácie 
610 2 0 |a reklama 
610 2 0 |a marketing 
610 2 0 |a podnik ruchu cestovného 
610 2 0 |a podnikanie 
700 1 |a Ondriš, Ladislav